000
00280nam a2200121Ia 4500
008
190216s9999||||xx |||||||||||||| ||und||
100
_a
Janardhanapillai
245
0
_a
Series In Mathematics
260
_b
Ajith Book Center
300
_a
304
650
_a
Mathematics
942
_c
BK
999
_c
31277
_d
31277